Effectif FC Lorient saison 2024/2025 - Statistiques

Statistiques générales
  • Ce quiz a été pris 823 fois
    274 depuis la dernière actualisation
  • Le résultat moyen est 18 sur 26
Statistiques - réponses
Hint Réponse % Correct
G Yvon Mvogo
99%
M Laurent Abergel
94%
A Eli Junior Kroupi
92%
D Montassar Talbi
91%
Coach Olivier Pantaloni
84%
D Benjamin Mendy
82%
D Formose Mendy
82%
D Julien Laporte
80%
D Darlin Yongwa
79%
D Igor Silva
79%
A Mohamed Bamba
79%
A Pablo Pagis
79%
M Julien Ponceau
76%
A Sambou Soumano
74%
A Aiyegun Tosin
72%
D Gédéon Kalulu
69%
A Joel Mvuka
68%
D Pános Katséris
66%
M Théo Le Bris
65%
G Benjamin Leroy
63%
M Jean-Victor Makengo
63%
D Nathaniel Adjei
43%
G Gaël Alette
37%
A Stéphane Diarra
37%
M Bandiougou Fadiga
32%
M Bonke Innocent
18%
Aucun quiz correspondant
Distribution des résultats
% des personnes avec chaque résultat
Percentile par nombre de réponses
Votre historique - résultats
Vous n’avez pas pris ce quiz depuis la dernière actualisation